[Event "54th Rubinstein Memorial-A 2018"]
[Site "Polanica-Zdroj"]
[Date "2018.08.18"]
[Round "1"]
[White "Shishkin, Vadim"]
[Black "Mirski, Michal"]
[Result "1-0"]
[WhiteElo "2461"]
[BlackElo "1981"]
[Annotator "TA"]
[PlyCount "77"]
[EventDate "2018.08.18"]
[EventType "swiss"]
[EventCountry "POL"]
[SourceTitle "playchess.com"]
[Source "ChessBase"]
[SourceQuality "1"]

{[%evp 15,76,67,114,75,83,97,94,82,79,86,116,48,56,7,19,-43,20,14,110,118,100,99,152,131,129,136,155,158,156,77,122,141,121,143,219,125,216,137,281,265,277,194,298,305,917,918,919,908,908,912,904,887,894,877,1237,895,1226,1208,1343,1287,1255,1229,29999]} 1. d4 d6 2. Nf3 g6 3. c4 Bg7 4. Nc3 Nd7 5. e4 c5 6. d5 Ngf6 7. Be2 O-O 8. O-O Ne5 {LiveBook: 4 Games. E91: King's Indian: Classical: 6 Be2, unusual replies including 6...c5 and 6...Bg4} (8... a6 9. a4 Qc7 10. h3 e5 11. dxe6 fxe6 12. Bg5 b6 13. Qd3 Bb7 14. Rad1 Ne8 15. Bh4 Ne5 16. Nxe5 Bxe5 17. Bg4 Ng7 18. Bg3 Bxg3 19. Qxg3 e5 {½-½ (19) Druska,J (2460)-Petenyi,T (2462) Slovakia 2015}) 9. Ne1 b5 10. cxb5 a6 {White is better.} 11. f4 $146 ({Predecessor:} 11. Nd3 Nxd3 12. Bxd3 axb5 13. Bxb5 Ba6 14. Bxa6 Rxa6 15. Bg5 Qb6 16. Qe2 {½-½ (44) Litinskaya,M (2345)-Kaczorowska,B (2180) Augustow 1996}) 11... Ned7 12. Nc2 Qb6 13. bxa6 (13. Re1 $16) 13... Bxa6 $14 14. Rb1 Rfb8 15. Be3 ({White should play} 15. Bd2 $11) 15... Qa5 (15... Nh5 $15 16. Na3 Bd4) 16. Bd2 $11 Qc7 (16... Ne8 $11 {remains equal.}) 17. Bxa6 $16 Rxa6 18. Qe2 Rab6 (18... Raa8 $142) 19. b3 Ra8 20. a4 Ne8 21. Nb5 Qb8 22. Qe1 (22. Nca3 $142) 22... c4 23. bxc4 {Hoping for a5.} Rxa4 24. Nb4 Nc5 {[#]} (24... Nc7 $16) 25. Nc6 (25. e5 $1 $18 {[%mdl 512]}) 25... Qa8 (25... Rxc6 $16 26. dxc6 Qc8) 26. Qe2 Ra2 (26... Rxc6 $16 {keeps fighting.} 27. dxc6 Qxc6) 27. e5 Rb7 28. exd6 exd6 (28... Nxd6 $142 29. Nxd6 (29. Nxe7+ Rxe7 30. Qxe7 Nxb5 $16) 29... exd6) 29. Rfe1 Kf8 $2 {[#]} (29... Nf6 30. Nb4 (30. Nxd6 Rxb1 31. Ne7+ Kf8 $16) 30... Rxd2 31. Qxd2 Nfe4) 30. Qxe8+ $1 $18 {[%mdl 512]} Qxe8 31. Rxe8+ Kxe8 32. Nxd6+ Kd7 33. Nxb7 Ne4 34. Be3 Nc3 35. Re1 f5 36. Ne5+ Kc7 37. Nc5 Kd6 38. Ne6 {[%csl Ge6][%cal Re3c5]} Bf6 39. Bc5# {Precision: White = 43%, Black = 20%.} 1-0

[Event "54th Rubinstein Memorial-A 2018"]
[Site "Polanica-Zdroj"]
[Date "2018.08.18"]
[Round "1"]
[White "Sabuk, Piotr"]
[Black "Hetzer, Volkhard"]
[Result "1-0"]
[WhiteElo "2377"]
[BlackElo "1949"]
[Annotator "TA"]
[PlyCount "69"]
[EventDate "2018.08.18"]
[EventType "swiss"]
[EventCountry "POL"]
[SourceTitle "playchess.com"]
[Source "ChessBase"]
[SourceQuality "1"]

{[%evp 12,69,6,20,63,60,75,69,160,149,150,154,177,184,173,187,217,214,239,233,265,200,188,191,197,178,265,256,272,234,309,313,295,227,282,254,411,375,387,357,460,338,447,442,1085,1074,1293,998,914,853,832,874,816,826,2245,1351,1312,1195,1014,960]} 1. d4 d5 2. c4 c6 3. Nf3 Nf6 4. Nc3 a6 5. Qc2 dxc4 6. e4 {D15: Slav Defence: 4 Nc3 a6 and gambit lines after 4 Nc3 dxc4} b5 7. b3 {LiveBook: 19 Games} e6 $146 ({Predecessor:} 7... b4 8. Na4 cxb3 9. axb3 e6 10. Bd3 Be7 11. O-O h6 12. Bf4 O-O 13. Qd2 {0-1 (34) Matlakov,M (2735)-Fedoseev,V (2718) St Petersburg 2017}) 8. bxc4 {White is slightly better.} Bb4 9. Bd2 O-O (9... c5 $14) 10. e5 $16 Ne8 11. Bd3 f5 {[#]} 12. exf6 $1 Nxf6 13. O-O $36 {[%mdl 2048] White is really pushing.} bxc4 14. Bxc4 c5 15. dxc5 Nc6 {Black hopes to continue with ...Nd4.} 16. Be3 {aiming for Ne4.} Bxc3 17. Qxc3 Nd5 18. Qd2 Rf5 (18... Rxf3 {keeps fighting.} 19. gxf3 Ne5) 19. Bd3 $18 Rh5 20. Rab1 Ra7 21. Be4 Rd7 22. Qc1 a5 23. g4 Re5 $2 {[#]} (23... Rh3 24. Kg2 Rxf3) 24. Nxe5 Nxe5 25. Bg5 Qf8 26. h3 Ba6 27. Rd1 {White is clearly winning.} Be2 (27... h6 $142 28. c6 Rc7 29. Rxd5 exd5 30. Bxd5+ Kh8) 28. c6 Rd8 29. c7 Rc8 30. Rxd5 exd5 31. Bxd5+ Kh8 32. Qe3 Re8 33. Rb8 Rxb8 34. cxb8=Q Qxb8 35. Qxe2 {Precision: White = 86%, Black = 29%.} 1-0

[Event "54th Rubinstein Memorial-A 2018"]
[Site "Polanica-Zdroj"]
[Date "2018.08.18"]
[Round "1"]
[White "Lewtak, Damian"]
[Black "Golecki, Jan"]
[Result "1-0"]
[WhiteElo "2369"]
[BlackElo "1943"]
[Annotator "TA"]
[PlyCount "63"]
[EventDate "2018.08.18"]
[EventType "swiss"]
[EventCountry "POL"]
[SourceTitle "playchess.com"]
[Source "ChessBase"]
[SourceQuality "1"]

{[%evp 9,63,2,5,-18,-12,-14,16,20,20,0,0,0,35,25,44,-28,-39,-33,-22,-37,-24,-39,-4,-20,-9,-31,8,7,4,0,33,21,66,13,8,40,62,37,88,47,51,51,52,46,52,27,110,110,198,134,219,103,573,570,597,325]} 1. d4 Nf6 2. Bf4 e6 3. e3 b6 4. h3 (4. Nf3 Bb7 5. h3 Be7 6. Nbd2 O-O 7. Bd3 c5 8. O-O cxd4 9. exd4 d6 10. a4 a6 11. c4 Nc6 12. Qb3 d5 13. c5 Nd7 14. Rfc1 a5 15. cxb6 Nxb6 {0-1 (36) Naiditsch,A (2705)-Ponomariov,R (2694) Riadh 2017}) 4... Bb7 5. Nd2 Be7 {LiveBook: 3 Partien} 6. Bh2 {A45: Damenbauernspiele (Trompowski-Angriff)} O-O 7. Ngf3 Ne4 $146 ({Vorgänger:} 7... c5 8. Bd3 d6 9. Qe2 Nbd7 10. O-O Qc7 11. c3 Rfe8 12. Rad1 Bf8 13. e4 e5 14. dxe5 Nxe5 15. Nxe5 dxe5 {½-½ (40) Lehner,O (2400)-Hoelzl,F (2440) Moesern 1997}) 8. Nxe4 {Die Stellung ist ausgeglichen.} Bxe4 9. Nd2 Bb7 10. Bd3 f5 11. Rg1 Bd6 12. g3 (12. Bxd6 $14 cxd6 13. c3) 12... c5 $11 13. c3 Nc6 14. f4 cxd4 15. exd4 Qf6 16. Nf3 Rae8 17. Ne5 Bxe5 18. dxe5 Qh6 19. Bf1 d6 20. exd6 e5 {Droht ...exf4+ und aus.} 21. Qd5+ ({Lieber} 21. d7 $14 Re7 22. Qd5+ Kh8 23. O-O-O) 21... Kh8 22. O-O-O $1 {Schwarz muss nun d7 beachten.} Na5 23. Qd2 Qe6 (23... Bf3 $14) 24. b4 {zielt auf d7 ab.} Nc4 25. Bxc4 $1 Qxc4 26. Rge1 e4 27. Kb2 $36 {[%mdl 2048] Weiss hat gut koordiniertes Spiel.} a5 (27... Rd8 $11 {bleibt in der Remisbreite.}) 28. Qd4 $16 Qc6 (28... Qb5 $16) 29. Bg1 (29. d7 $18 Rd8 30. Bg1) 29... axb4 {[#]} (29... Qd7 $16) 30. Qxb4 (30. d7 $1 $18 {und der Rest ist Schweigen.} bxc3+ 31. Qxc3) 30... e3 $2 {[%mdl 8192]} (30... Qd7 $16) 31. d7 $18 Ra8 {[#]} 32. Qxf8+ $1 {[%mdl 512] Precision: Weiß = 49%, Schwarz = 20%.} 1-0

[Event "54th Rubinstein Memorial-A 2018"]
[Site "Polanica-Zdroj"]
[Date "2018.08.18"]
[Round "1"]
[White "Kucza, Karol"]
[Black "Szelag, Zuzanna"]
[Result "1-0"]
[WhiteElo "2342"]
[BlackElo "1934"]
[Annotator "TA"]
[PlyCount "55"]
[EventDate "2018.08.18"]
[EventType "swiss"]
[EventCountry "POL"]
[SourceTitle "playchess.com"]
[Source "ChessBase"]
[SourceQuality "1"]

{[%evp 21,55,-19,-2,-29,-14,-42,-35,-22,-7,-1,71,71,73,73,71,56,56,32,30,-41,0,0,0,0,437,258,435,412,967,997,1719,1682,2115,1997,29994,29995]} 1. e4 c5 2. Nf3 d6 3. d4 cxd4 4. Nxd4 Nf6 5. Nc3 a6 6. Bg5 e6 7. f4 Qb6 8. Nb3 Nbd7 9. Qf3 Be7 10. O-O-O Qc7 11. g4 b5 {LiveBook: 77 Games} 12. a3 {[%cal Ba2a3,Ba3a4][%mdl 32] B97: Sicilian Najdorf: Poisoned Pawn} (12. Bxf6 Nxf6 13. g5 Nd7 {½-½ (13) Drake Diez De Rivera,P (2555)-Toro Solis de Ovando,G (2616) ICCF email 2007}) 12... Bb7 13. Bg2 Rc8 14. Rhe1 {Black is slightly better.} a5 $146 {Hoping for ...b4.} ({Predecessor:} 14... Nc5 15. Nxc5 dxc5 16. Qe2 b4 17. Nd5 Nxd5 18. exd5 Bxg5 19. fxg5 bxa3 20. bxa3 Qa5 21. Kb2 O-O 22. dxe6 Bxg2 23. exf7+ Rxf7 24. Qxg2 c4 25. Qe4 Qxg5 26. Qe6 {½-½ (26) Korchut,A (2235)-Galkowski,L (2431) ICCF email 2003}) 15. Qe2 {Strongly threatening Bxf6.} b4 (15... Ba6 $1 $11 {keeps the balance.}) 16. Nb5 $16 Qb6 {[#] White must now prevent ...bxa3.} 17. a4 $1 Nc5 18. Nxc5 Qxc5 19. e5 Bxg2 20. exf6 ({White should play} 20. Qxg2 $11 dxe5 21. Rxe5) 20... gxf6 (20... Bf3 $5 21. fxg7 Rg8 $17) 21. Qxg2 {And now Bxf6! would win.} ({Don't blunder} 21. Bxf6 $2 Bf3 $19) 21... fxg5 22. f5 $1 {[%cal Bf4f5,Bf5f6][%mdl 32]} e5 $2 {[%mdl 8192] [#]} (22... b3 $1 $11 {and Black has nothing to worry.} 23. c3 O-O) 23. Rd5 (23. f6 $142 $1 {[%mdl 512]}) 23... Qc6 $2 {[#]} (23... Qc4) 24. f6 $1 $18 {[%mdl 512]} Bf8 (24... b3 $142 25. fxe7 Qxc2+ 26. Qxc2 Rxc2+ 27. Kb1 Kxe7 28. Nxd6 Rb8 29. Rexe5+ Kf8) (24... Bxf6 25. Nxd6+) 25. Na7 Qc7 26. Nxc8 Qxc8 27. Rxa5 Qc4 28. Qb7 {Precision: White = 58%, Black = 30%.} 1-0

[Event "54th Rubinstein Memorial-A 2018"]
[Site "Polanica-Zdroj"]
[Date "2018.08.18"]
[Round "1"]
[White "Psyk, Radoslaw"]
[Black "Jablonski, Miroslaw"]
[Result "1-0"]
[WhiteElo "2304"]
[BlackElo "1915"]
[Annotator "TA"]
[PlyCount "83"]
[EventDate "2018.08.18"]
[EventType "swiss"]
[EventCountry "POL"]
[SourceTitle "playchess.com"]
[Source "ChessBase"]
[SourceQuality "1"]

{[%evp 21,83,56,56,57,43,43,46,51,57,47,47,45,46,34,39,43,53,24,41,0,81,89,76,90,163,155,199,192,212,193,144,136,525,514,648,580,597,596,596,595,588,592,591,580,571,556,634,642,627,627,983,979,2018,1986,1971,1811,6295,6287,5747,5739,5473,2835,1581,1398]} 1. e4 e5 2. Nf3 Nc6 3. Bb5 {[%cal Bf1b5,Bb5a4,Ba4b3][%mdl 32]} a6 4. Ba4 Nf6 5. O-O b5 6. Bb3 Bb7 7. Re1 Be7 8. c3 O-O 9. d4 d6 10. Nbd2 {[%cal Bb1d2,Bd2f1,Bf1e3][%mdl 32]} Nd7 11. Nf1 {C91: Spanische Partie (Abweichungen von der Hauptvariante)} Bf6 {LiveBook: 6 Partien} 12. Ne3 (12. Ng3 g6 13. Bh6 Bg7 14. Bg5 Qe8 15. a3 Kh8 16. Qd2 Nb6 17. dxe5 dxe5 18. Ba2 Na5 {0-1 (33) Preotu,R (2452)-Bachmann,A (2633) Arlington 2015}) 12... exd4 13. cxd4 {Weiß steht etwas besser.} Na5 14. Bc2 c5 15. d5 $146 ({Vorgänger:} 15. dxc5 dxc5 16. Nd5 Nc4 17. Rb1 Nde5 18. b3 Bxd5 19. exd5 Nxf3+ 20. Qxf3 {½-½ (27) Trbojevic,M (2380)-Ascic,P (2310) Bosnjaci 2017}) 15... Ne5 16. Rb1 Nac4 17. Nxe5 Nxe5 18. f4 Ng6 19. Nf5 Bc8 20. g4 Bxf5 (20... h6 $11) 21. gxf5 $16 Bd4+ 22. Kh1 Nh8 (22... Ne7 $16) 23. Be3 $18 Bxe3 24. Rxe3 f6 {[#]} 25. Qg4 $1 Ra7 26. Rg1 {Droht stark Th3.} Qd7 $2 {[%mdl 8192]} (26... h6 $16 {ist zäher.} 27. Rh3 Kh7) 27. Qh4 {Weiß steht klar auf Gewinn.} Kf7 28. Qh5+ g6 29. Qxh7+ Ke8 30. Qxd7+ Rxd7 31. fxg6 Rg8 32. f5 Kf8 33. Rgg3 Kg7 34. Rh3 Kf8 35. Ra3 Rdg7 36. Rxa6 {[#] Und weiter mit Txh8 wäre nett.} Nxg6 37. fxg6 Rxg6 38. Ra8+ Kf7 39. Rh7+ R8g7 40. Ra7+ Kg8 41. Raxg7+ Rxg7 42. Rxg7+ {Precision: Weiß = 86%, Schwarz = 51%.} 1-0

[Event "54th Rubinstein Memorial-A 2018"]
[Site "Polanica-Zdroj"]
[Date "2018.08.18"]
[Round "1"]
[White "Bukojemski, Adam"]
[Black "Dryja, Szymon"]
[Result "1-0"]
[WhiteElo "2233"]
[BlackElo "1878"]
[Annotator "TA"]
[PlyCount "85"]
[EventDate "2018.08.18"]
[EventType "swiss"]
[EventCountry "POL"]
[SourceTitle "playchess.com"]
[Source "ChessBase"]
[SourceQuality "1"]

{[%evp 25,85,25,56,19,33,18,79,63,106,103,121,114,146,129,163,101,126,72,71,66,125,128,129,112,93,95,90,91,195,54,116,32,193,179,218,188,214,172,249,254,238,239,673,668,668,673,732,726,768,767,750,721,933,1039,1658,1758,29988,29967,6249,7142,1891,1335]} 1. e4 c5 2. Nf3 Nc6 3. Nc3 e6 4. g3 d6 5. Bg2 Nf6 6. O-O Be7 7. d4 cxd4 8. Nxd4 O-O 9. Nxc6 bxc6 10. e5 Nd5 11. exd6 {B80: Sicilian Scheveningen: 6 g3 and 6 Be3, including English Attack} Qxd6 12. Ne4 Qc7 13. c4 Nf6 {LiveBook: 5 Games} 14. Nc3 (14. Qe2 e5 15. Bd2 Be6 16. Nxf6+ Bxf6 17. Bc3 Rfe8 18. Rfe1 Qb6 {1-0 (42) Baklan,V (2656)-Ahlander,B (2401) Koge 2014}) 14... Bb7 15. Bf4 Qc8 $146 (15... e5 $11 16. Be3 h6) ({Predecessor:} 15... e5 16. Bg5 h6 17. Bxf6 Bxf6 18. c5 Be7 {½-½ (28) Prasad,D (2425)-Mithrakanth,P (2310) New Delhi 1987}) 16. Qf3 $16 Ba6 17. b3 (17. Qxc6 Qxc6 18. Bxc6 Rac8 $11) 17... Nd5 18. Bd2 Rd8 19. Rfd1 Nb4 20. Qe4 (20. Bf4 $18) 20... f5 21. Qb1 ({Better is} 21. Qe2) 21... Bf6 {[#] next ...Rxd2! is good for Black.} 22. Be1 $1 {Hoping for a3.} Qc7 (22... Bb7 $14) 23. a3 Rxd1 24. Qxd1 Rd8 25. Qe2 Nd3 26. Qxe6+ Qf7 (26... Kf8 $16 {might work better.}) 27. Qe2 ({White has to play} 27. Qxc6 $18 Qe8 28. Qxa6 Nxe1 29. Bc6) 27... Nc5 (27... Nxe1 $14 28. Qxe1 Rd3) 28. Qc2 ({White should play} 28. Rd1 $16) 28... Bb7 $2 {[#]} (28... Ne6 $1 $14) 29. Rd1 $1 $18 ({Not} 29. Qxf5 Nxb3 30. Rb1 Bc8 $14) 29... Re8 30. Bd2 Ne6 31. Be3 f4 (31... a5 $142 32. Na4 g6) 32. gxf4 ({Weaker is} 32. Bxa7 Bxc3 33. Qxc3 c5 $11) ({Don't take} 32. Bxf4 $6 Nxf4 33. gxf4 Be7) 32... Bxc3 33. Qxc3 Nxf4 $2 (33... Rf8 34. Qb4 Ba8) 34. Bxf4 Qxf4 35. Rd7 $1 {[%csl Gd7,LRb7,LRg7][%cal Rc3g7]} Qg4 36. Rxb7 Rd8 37. h3 Qg6 38. Qg3 Qf6 {[#]} 39. Bxc6 $1 Rd1+ (39... Qxc6 40. Qxg7#) 40. Kh2 g6 41. Qb8+ Rd8 42. Bd5+ Kh8 43. Qg3 {Precision: White = 56%, Black = 12%.} 1-0

[Event "54th Rubinstein Memorial-A 2018"]
[Site "Polanica-Zdroj"]
[Date "2018.08.18"]
[Round "1"]
[White "Czarniecka, Aleksandra"]
[Black "Stachowiak, Kamil"]
[Result "0-1"]
[WhiteElo "1980"]
[BlackElo "2447"]
[Annotator "TA"]
[PlyCount "94"]
[EventDate "2018.08.18"]
[EventType "swiss"]
[EventCountry "POL"]
[SourceTitle "playchess.com"]
[Source "ChessBase"]
[SourceQuality "1"]

{[%evp 17,94,0,4,-47,-38,-54,-53,-33,-35,-49,-44,-95,-26,-45,-17,-20,-24,-124,6,-6,17,-29,-16,-85,-93,-77,0,0,0,0,0,-48,-9,-10,-29,-35,38,-25,0,-35,-43,-50,118,-76,-79,-77,-73,-87,-92,-244,-245,-243,-222,-300,-294,-280,-112,-104,118,-113,-76,-171,0,-141,0,-1016,-1082,-1019,-990,-1774,-1708,-29987,-29988,-29992,-29993,-29994,-29993,-29995,-29996]} 1. e4 c5 2. Nf3 d6 3. d4 cxd4 4. Nxd4 Nf6 5. Nc3 a6 6. Be2 g6 7. O-O Bg7 8. Bg5 O-O 9. Nb3 Nbd7 {LiveBook: 13 Games} 10. f4 {B70: Sicilian Dragon: 6 g3 and 6 Be2 (without a later Be3)} (10. f3 $11) (10. Re1 b5 11. Bd3 Rb8 12. Qd2 Ne5 13. Nd5 Nxd5 14. exd5 Re8 15. Na5 Qc7 16. Bf1 b4 17. Nb3 a5 {½-½ (67) Hjartarson,J (2605)-Topalov,V (2650) Groningen 1993}) 10... b5 $15 11. Bf3 {Threatens to win with e5.} Bb7 12. a3 {Black is slightly better.} Rc8 13. Qe1 Qc7 14. Kh1 (14. h3 $15) 14... Rfe8 (14... h6 $17 15. Bh4 e5) 15. Qh4 $146 ({Predecessor:} 15. Rd1 Ba8 16. Rd2 Nb6 17. e5 Bxf3 18. Rxf3 dxe5 {0-1 (60) Thorhallsson,T (2461)-Kjartansson,D (2324) Reykjavik 2007}) 15... Nb6 16. Nd2 $1 Nfd7 17. Rad1 (17. f5 $11) 17... e6 (17... Bxc3 $17 18. bxc3 f6) 18. f5 Ne5 ({Much worse is} 18... gxf5 $6 19. exf5 exf5 20. Bxb7 $16) (18... f6 $5 {[%cal Rf6g5]} 19. Bh6 Bxh6 20. Qxh6 Ne5 $11) 19. fxg6 (19. f6 $5 {[%cal Rf6g7]} Bf8 20. Bh6 $14) 19... hxg6 20. Bf6 (20. Rde1 $11 {keeps the balance.}) 20... Bxf6 $17 21. Qxf6 Qd8 (21... Qe7 $17 22. Qxe7 Rxe7) 22. Qf4 $11 Kg7 23. Be2 Qe7 24. Nf3 f6 {[%cal Bf7f6,Bf6f5,Bf5f4][%mdl 32]} 25. Nxe5 dxe5 26. Qf2 Rc5 (26... Nc4 $15 27. Bxc4 Rxc4) 27. Qe3 ({Better is} 27. Rd6 $14 Nc4 28. Bxc4 Rxc4 29. Rfd1) 27... Rec8 28. Rf2 f5 29. Bd3 {[%cal Re4f5]} R8c7 $2 (29... Rd8 $15 {keeps the upper hand.}) 30. Rdf1 $2 (30. exf5 $16 {is forced if you want to stay better.} exf5 31. Bxf5 $1 {[%mdl 512]} gxf5 32. Rxf5) 30... Nc4 $17 31. Bxc4 Rxc4 32. Qg3 {[%cal Re4f5]} f4 33. Qf3 $2 (33. Qg4 $17) 33... b4 $1 $19 {[%cal Rb4c3]} 34. axb4 Qxb4 35. Qg4 Qxb2 36. Nd1 Qb6 (36... Qb5 $19 {has better winning chances.} 37. c3 Bxe4 38. Qxe6 Bf5) 37. Qg5 $17 Qd4 $2 {[#]} (37... Rxe4 $17 {and life is bright. aiming for ...Qc5.} 38. h4 Qd6) 38. Rf3 $2 (38. Ne3 $1 $16 {[%cal Re3c4][%mdl 512]} Qd6 (38... Qxe3 39. Qxe5+) 39. Ng4 Bxe4 40. Qf6+ Kg8 41. Nh6+ (41. Nxe5 Rxc2 42. Rxc2 Bxc2 $11) 41... Kh7 42. Nf7 Rxf7 43. Qxf7+ Kh8 44. Re2) 38... Bxe4 39. Rh3 Rxc2 $2 {[#]} (39... Bf5 $1 $19 {[%cal Rf5h3]} 40. Qh6+ Kf7 41. Qh7+ Kf6 42. Qh8+ Rg7) 40. Qh6+ (40. Ne3 $1 $11 {[%mdl 512] was the only way to keep the balance.} Kf7 (40... fxe3 41. Qh6+) 41. Qh6) 40... Kf6 (40... Kf7 $17 {[%csl Gc2][%cal Re4g2]} 41. Ne3 {[#]} g5 $1 {[%mdl 512]}) 41. Qh4+ $2 {[%mdl 8192]} (41. Qh8+ $11 Rg7 42. Ne3) 41... g5 $19 {[%csl Gc2][%cal Re4g2]} 42. Qh6+ Ke7 {[%csl Gc2][%cal Re4g2,Bf6e7,Be7d7,Bd7c6][%mdl 32]} 43. Qxg5+ Kd7 44. Ne3 fxe3 {Black mates.} 45. Rf7+ Kc6 46. Rxc7+ Kxc7 {[%cal Rd4d1]} 47. Qg7+ Kb6 {Precision: White = 20%, Black = 40%.} 0-1

[Event "54th Rubinstein Memorial-A 2018"]
[Site "Polanica-Zdroj"]
[Date "2018.08.18"]
[Round "1"]
[White "Szylko, Waldemar"]
[Black "Manik, Mikulas"]
[Result "0-1"]
[WhiteElo "1956"]
[BlackElo "2408"]
[Annotator "TA"]
[PlyCount "66"]
[EventDate "2018.08.18"]
[EventType "swiss"]
[EventCountry "POL"]
[SourceTitle "playchess.com"]
[Source "ChessBase"]
[SourceQuality "1"]

{[%evp 14,66,-4,-24,-24,-22,-29,-33,-33,-32,-22,-31,-33,-70,-72,-77,-75,-108,-112,-116,-125,-97,-82,-138,-123,-127,-108,-149,-11,-168,-110,-206,-194,-248,-252,-246,-160,-160,-147,-299,-301,-346,-338,-585,-576,-631,-629,-696,-680,-651,-647,-932,-938,-29985,-29986]} 1. e4 c5 2. Nc3 Nc6 3. g3 g6 4. d3 Bg7 5. Be3 d6 6. Bg2 Rb8 7. Qd2 b5 8. h4 {LiveBook: 5 Games} Nf6 $146 {B26: Closed Sicilian: 3 g3, lines with early Be3} ({Predecessor:} 8... b4 9. Nd1 Nf6 10. Bh6 Bxh6 11. Qxh6 Nd4 12. Qd2 Qa5 13. f3 Be6 14. Ne2 Nxe2 15. Kxe2 d5 16. e5 {1-0 (36) Sysoev,V (2248)-Potapov,P (2479) Moscow 2018}) 9. Bh6 Bxh6 10. Qxh6 Nd4 {Black is slightly better.} 11. Qd2 e5 12. Nce2 O-O 13. c3 Ne6 $36 {[%mdl 2048] Black has strong initiative.} 14. Nh3 Bb7 15. Rd1 c4 16. b4 cxd3 17. Qxd3 Qb6 18. O-O (18. Qxd6 $142 Qxd6 19. Rxd6) 18... Rbd8 19. Qc2 Kg7 20. Ng5 {[#]} h6 ({Black should play} 20... Nc7 $1 $17 {And now ...h6 would win.} 21. Nh3 h6) 21. Nh3 $2 (21. Nxe6+ $11 fxe6 22. Nc1) 21... Ng4 (21... Rc8 $19 22. Kh2 Ng4+ 23. Kg1 Rcd8) 22. h5 (22. Nc1 $17) 22... Nf6 23. Bf3 (23. hxg6 {was necessary.} fxg6 24. Kh1) 23... gxh5 $19 ({Resist} 23... Nxh5 24. Bxh5 gxh5 25. Nc1) 24. Bg2 Ng5 25. Nxg5 hxg5 {[%cal Bh6g5,Bg5g4][%mdl 32]} 26. Kh1 $2 {[#]} (26. c4 $17 {might work better.}) 26... Rh8 27. Qd2 Kg6 ({Weaker is} 27... Nxe4 28. Bxe4 Bxe4+ 29. f3 $19) (27... Bxe4 28. Qxg5+ Bg6 29. Qh4 $17) 28. Ng1 $2 (28. a4 {was called for.}) 28... g4 29. f4 Nxe4 30. Bxe4+ Bxe4+ 31. Kh2 f5 32. Rde1 Bb7 33. Ne2 h4 {Precision: White = 19%, Black = 70%.} 0-1

[Event "54th Rubinstein Memorial-A 2018"]
[Site "Polanica-Zdroj"]
[Date "2018.08.18"]
[Round "1"]
[White "Schoenau, Helmut"]
[Black "Nurkiewicz, Maciej"]
[Result "0-1"]
[WhiteElo "1947"]
[BlackElo "2371"]
[Annotator "TA"]
[PlyCount "94"]
[EventDate "2018.08.18"]
[EventType "swiss"]
[EventCountry "POL"]
[SourceTitle "playchess.com"]
[Source "ChessBase"]
[SourceQuality "1"]

{[%evp 16,94,0,0,12,-11,27,24,38,19,13,-23,-13,-15,-8,-14,-14,-17,-12,-22,8,-3,0,0,0,0,0,0,0,-28,-24,-20,-22,-13,-13,-20,0,-93,-94,-126,-118,-132,-118,-164,-156,-167,-106,-138,-95,-101,-64,-79,-80,-524,-508,-2192,-461,-408,-435,-888,-877,-667,-647,-816,-610,-29968,-29970,-29970,-29970,-29966,-29968,-6219,-6103,-29978,-29973,-6131,-5097,-5097,-5097,-5081,-2316]} 1. c4 c5 2. Nf3 Nc6 3. Nc3 e5 4. g3 g6 5. Bg2 Bg7 6. d3 Nge7 7. Rb1 O-O 8. O-O d6 9. Bd2 {LiveBook: 25 Partien} f5 {A37: Englische Eröffnung (Symmetrische Variante)} (9... h6 10. a3 a5 11. Ne1 Be6 12. Nc2 d5 13. cxd5 Nxd5 14. Ne3 Nb6 15. Ne4 Qe7 16. Rc1 Nd7 17. Nc4 b5 18. Ne3 Rfc8 19. Nc3 Rab8 20. f4 {½-½ (66) Koustav,C (2325)-Mammadzada,G (2426) Abu Dhabi 2018}) 10. Qc1 Be6 $146 ({Vorgänger:} 10... f4 11. gxf4 Bg4 12. fxe5 Bxf3 13. Bxf3 Rxf3 14. exf3 Nxe5 15. Bg5 Qd7 16. Kg2 Rf8 17. Ne4 Nxf3 18. Bxe7 Qxe7 {0-1 (31) Auger,B (2039)-Lessard,C (2007) Quebec 2004}) 11. a3 Rc8 {Weiß hat minimalen Vorteil.} 12. Ng5 Bd7 $1 13. Nd5 Nd4 14. Qd1 h6 15. Nxe7+ Qxe7 16. Bd5+ Kh8 17. Nf3 Nxf3+ 18. Bxf3 b5 19. cxb5 e4 20. dxe4 fxe4 21. Bg2 Bxb5 22. Bc3 Bxc3 23. bxc3 Bc4 24. Qd2 Kg7 25. Rfd1 d5 26. e3 (26. Bf1 $11 {hält das Gleichgewicht.}) 26... Bd3 $36 {[%mdl 2048] Schwarz hat starke Initiative.} 27. Rb2 Rb8 28. Bf1 c4 29. Bxd3 exd3 ({Jedoch nicht} 29... cxd3 30. Rxb8 Rxb8 31. c4 $17) 30. Rdb1 Qd6 ({Günstiger ist} 30... Rxb2 $19 31. Qxb2 Rf7) 31. Rb7+ Rxb7 32. Rxb7+ Rf7 33. Rxf7+ Kxf7 $15 {[%mdl 4096] Endspiel KD-KD} 34. e4 $2 {[%mdl 8192] [#]} (34. Qb2 $17 {leistet mehr Widerstand.}) 34... dxe4 35. Qxh6 (35. Kf1 $142 g5 36. h3) 35... Kg8 (35... d2 $142 36. Qh7+ Kf6 37. Qh8+ Ke6 38. Qg8+ Kf5 39. Qf7+ Kg5) 36. Qd2 $19 Qxa3 37. Kf1 (37. Qf4 $142 Qe7 38. Kf1) 37... Qd6 38. Ke1 Qb6 {[#] Und ...Db1+ würde nun gewinnen.} 39. Qa2 Qb3 40. Qa5 Qb1+ 41. Kd2 Qc2+ 42. Ke3 Qe2+ 43. Kd4 Qxf2+ 44. Kxc4 Qf7+ 45. Kd4 Qd7+ {Schwarz steht klar auf Gewinn.} 46. Ke3 d2 47. Qa2+ Kf8 {Precision: Weiß = 39%, Schwarz = 61%.} 0-1